Представление документа в формате MARC21

Поле Инд. ПП Название Значение
Тип записи a
Библиографический уровень m
001 Контрольный номер 06735a587dae452aa0045b45eecc5439
005 Дата корректировки 20260204101854.0
020 a ISBN 978-5-7310-6236-7
080 a Индекс УДК 005.95/.96
084 a Индекс другой классификации/Индекс ББК С823.3
084 a Индекс другой классификации/Индекс ББК У291.6
090 a Полочн. индекс 005
x Авторский знак М 75
097 b Оператор *Еж*
097 b Оператор *Мал*
097 b Оператор *Мал-С*
100 1_ a Автор Молодькова Э.Б.
245 10 a Заглавие Управление персоналом: социологическая интерпретация методов, процессов и технологий
b Продолж. заглавия монография
c Ответственность Санкт-Петербургский государственный экономический университет
260 a Место издания Санкт-Петербург
c Дата издания 2023
b Издательство СПбГЭУ
516 8_ a Прим. о типе комп. файла/ данных Текст : непосредственный
520 0_ a Аннотация В монографии всесторонне анализируется система управления персоналом инновационных организаций, раскрываются особенности реализации функций привлечения, мотивации, обучения и развития персонала в инновационной сфере. Особое внимание уделяется определению понятия инновационного мышления, выявлению его признаков и особенностей влияния на инновационное поведение персонала. Предлагаются рекомендации по развитию инновационного мышления и активизации инновационного поведения персонала, в том числе путем формирования особого типа организационной культуры – культуры личностного роста. Монография представляет интерес для магистрантов, обучающихся по направлениям 39.04.01 "Социология", 38.04.03 "Управление персоналом", аспирантов, преподавателей, менеджеров и всех, кто интересуется вопросами управления персоналом.
653 0_ a Ключевые слова Управление персоналом
a Ключевые слова Инновационные организации
a Ключевые слова Обучение
a Ключевые слова Личностный рост
655 a Жанр/ форма (устаревшее) *Н*
700 12 a Другие авторы Попазова О.А.
700 12 a Другие авторы Синявский А.Д.
900 a Имя макрообъекта 001-000165282-000000000-0000-0000-00
901 t Тип документа m
905 b Дата создания записи обработка 09.12.25
922 d Кафедра (список) Социология и социальные технологии
952 e Факультет *ФУСК*
952 a Тип литературы для КСУ ВШ *Н*
990 h N записи в КСУ для Б/У (DOS) 7/2025
990 f Даты поступлений (DOS) 17.01.25
g Размещение заказа (DOS) пожертвование православного Прихода Успенского
j Количество экземпляров (DOS) 1